| 000 | 00836cam a2200277 4500 | ||
|---|---|---|---|
| 001 | 1117 | ||
| 003 | BD-RjUL | ||
| 005 | 20211208233258.0 | ||
| 008 | 13112 s1973 ctua b 001 0 eng d | ||
| 035 | _a(BD-RjUL)1139 | ||
| 040 |
_aDLC _cDLC _dDLC _dBD-RjUL _beng |
||
| 041 | _aeng | ||
| 082 | 0 | 0 |
_a190 _bRIR 1958 |
| 100 | 1 |
_aRice, Eugene F. _93294 |
|
| 245 | 1 | 4 |
_aThe Renaissance idea of wisdom, _cby Eugene F. Rice, Jr. |
| 260 |
_aWestport, Conn.: _bGreenwood Press _c1958. |
||
| 300 |
_aix,220 p. : _bill.; _c21 cm. |
||
| 500 | _aBased on the author's thesis, Harvard, 1953. | ||
| 504 | _aIncludes bibliographical references and index. | ||
| 650 | 0 |
_aWisdom. _93295 |
|
| 650 | 0 |
_aPhilosophy, Renaissance. _93296 |
|
| 830 | 0 |
_v37. _93302 |
|
| 830 | 0 |
_aHarvard historical monographs, _93298 |
|
| 942 |
_2ddc _cBK |
||
| 999 |
_c1117 _d1117 |
||